مكتبة جامعة عجلون الوطنية

فهرس بحث المكتبة

Normal view MARC view
  • الرياضيات - تعليم وتعليم - التفكير الابداعي

Entry Topical Term

Number of records used in: 1

001 - CONTROL NUMBER

  • control field: 57658

003 - CONTROL NUMBER IDENTIFIER

  • control field: JO-AjAnu

005 - DATE AND TIME OF LATEST TRANSACTION

  • control field: 20230606083436.0

008 - FIXED-LENGTH DATA ELEMENTS

  • fixed length control field: 230606|| aca||aabn | a|a d

040 ## - CATALOGING SOURCE

  • Original cataloging agency: JO-AjAnu
  • Transcribing agency: JO-AjAnu

150 ## - HEADING--TOPICAL TERM

  • Topical term or geographic name entry element: الرياضيات - تعليم وتعليم - التفكير الابداعي

670 ## - SOURCE DATA FOUND

  • Source citation: Work cat.: (JO-AjAnu)29419: اعداد النختار، هبه ثامر احمد؛ اشراف احمد حسن القضاة, author 57657, درجة تضمين التمارين والمسائل لمهارات التفكير الابداعي في كتب الرياضيات بالمرحلة الاساسية العليا من وجهة نظر المعلمين والمشرفين في الاردن =The Degree of inciuded creative thinking skills in Drills and Problems in Math Textbooks in the Higher Basic Stage as Perceived by Teachers and Supervisors in Jordan